000
00273nam a22001217a 4500
008
210707s1996 xx 000 0 und d
041
_a
eng
082
_a
052 AJC
100
_a
Agarwal, R K
245
_a
Asian Journal of Chemistry
260
_c
1996
650
_a
Chemistry
999
_c
179499
_d
179499